Quiz pays joueurs de tennis - Statistiques

Statistiques générales
  • Ce quiz a été pris 290 fois
  • Le résultat moyen est 13 sur 15
Statistiques - réponses
Hint Réponse % Correct
Carlos Alcaraz Espagne
100%
Rafael Nadal Espagne
100%
Hugo Gaston France
99%
Andy Murray Royaume-Uni
98%
Janko Tipsarevic Serbie
98%
Novak Djokovic Serbie
98%
Filip Krajinovic Serbie
98%
Yoshihito Nishioka Japon
96%
Andrey Rublev Russie
96%
Casper Ruud Norvège
93%
Felix Auger-Aliassime Canada
92%
Holger Rune Danemark
92%
Alexei Popyrin Australie
73%
Marcos Baghdatis Chypre
51%
Dustin Brown Jamaique
39%
Aucun quiz correspondant
Distribution des résultats
% des personnes avec chaque résultat
Percentile par nombre de réponses
Votre historique - résultats
Vous n’avez pas pris ce quiz